000 00248as aa2200097a 44500
090 _aSERIADAS
_b01109
245 1 0 _aGRAIN: Genetic Resources Action International
260 _bThe GAIA Foundation
_aGran Bretaña
041 0 _aInglés
942 _cREVISTA
999 _c16934
_d16934